00470nam a2200193Ia 450000500170000000800410001702000150005804000190007304100120009208200160010410000180012024500340013826000310017230000110020350400190021465000130023365100190024685000110026520231004094908.0131103s9999 xx 000 0 und d a00429703x8 aLoreto College aEnglish a297.4 bLIN aLings, Martin aWhat is Sufism?cMartin Lings aLondonbGeorge Allenc1975 a133p.  aIncludes index aReligion aIslam-Religion aLCLIB